|
|
|
|
| LEADER |
01287nam a22003012a 4500 |
| 001 |
000321902 |
| 003 |
CZ BrMZK |
| 005 |
20131104110351.0 |
| 007 |
ta |
| 008 |
980107s1969 xr a f 001 0 cze d |
| 015 |
|
|
|a cnb000451771
|
| 035 |
|
|
|a (OCoLC)42121570
|
| 040 |
|
|
|a ABA001
|b cze
|c ABA001
|d ABA001
|d BOA001
|
| 080 |
9 |
|
|a 635.9(024)
|
| 245 |
0 |
0 |
|a Praktické zahradnictví :
|b květinářství-sadovnictví /
|c Viktor Braun ... [et al.] ; vedoucí autorského kolektivu Anna Horynová
|
| 250 |
|
|
|a 2. vyd.
|
| 260 |
|
|
|a Praha :
|b Státní zemědělské nakladatelství,
|c 1969
|
| 300 |
|
|
|a 474 s. ;
|c 8°
|
| 500 |
|
|
|a Obálka a vazba: Vlastimil Choc
|
| 500 |
|
|
|a 15000 výt.
|
| 700 |
1 |
|
|a Braun, Viktor
|7 mzk2010572497
|4 aut
|
| 700 |
1 |
|
|a Horynová, Anna,
|d 1898-1976
|7 jk01042304
|4 aut
|
| 856 |
4 |
1 |
|u http://www.digitalniknihovna.cz/mzk/uuid/uuid:fbb28b80-fde4-11e3-9789-005056827e52
|y Digitalizovaný dokument
|x NDK
|
| 910 |
|
|
|a BOA001
|b 2-0557.583-69
|b PK-0042.913
|
| 990 |
|
|
|a BK
|
| 996 |
6 |
|
|b 2610690750
|c 2-0557.583-69
|l HP2
|r DEN
|n 0
|p dar
|w 000321902
|u 000040
|a 1
|e BOA001
|j MZK50
|s P
|
| 996 |
7 |
|
|b 3119927155
|c PK-0042.913
|l MZK
|r Sklad / do 1 hodiny
|n 2
|w 000321902
|u 000020
|a 1
|e BOA001
|j MZK50
|s A
|
| 996 |
7 |
|
|b 3119927156
|c PK-0042.913
|l MZK
|r Sklad / do 1 hodiny
|n 3
|w 000321902
|u 000010
|a 1
|e BOA001
|j MZK50
|s A
|